[Event "IECG CA.2005.0.00146"]
[Site "IECG email"]
[Date "2005.02.20"]
[Round "1"]
[White "Gil, Zdzislaw"]
[Black "Portune, Frank R"]
[Result "1-0"]
[WhiteElo "2053"]
[BlackElo "2006"]
[PlyCount "79"]
[EventDate "2005.02.20"]
[EventType "tourn (corr)"]
[EventRounds "6"]
[SourceTitle "Corr 2008"]
[Source "ChessBase"]
[SourceDate "2008.06.24"]
[SourceVersion "1"]
[SourceVersionDate "2008.06.24"]
[SourceQuality "1"]

1. e4 e5 2. Nf3 Nf6 3. d4 exd4 4. e5 Ne4 5. Qxd4 d5 6. exd6 Nxd6 7. Nc3 Nc6 8. Qf4 Bf5 9. Bb5 Qe7+ 10. Be3 Nxb5 11. Nxb5 Qb4+ 12. Qxb4 Nxb4 13. Nfd4 0-0-0 14. Nxf5 Nxc2+ 15. Ke2 Nxa1 16. Nxa7+ Kb8 17. Rxa1 g6 18. Nd4 Bg7 19. Nac6+ bxc6 20. Nxc6+ Kc8 21. Nxd8 Rxd8 22. Rb1 Kb7 23. a4 f5 24. b3 Bf8 25. b4 Bd6 26. g3 Be7 27. Ra1 c6 28. b5 Re8 29. Kf3 Rc8 30. Rc1 cxb5 31. Rxc8 Kxc8 32. axb5 Kd7 33. Ke2 Kd6 34. Kd3 Kd5 35. Kc3 g5 36. h3 h5 37. Kb3 Bd8 38. Kb4 g4 39. h4 f4 40. Bxf4 1-0

[Event "IECC CL3-2002.16"]
[Site "IECC email"]
[Date "2002.05.02"]
[Round "?"]
[White "Portune, Frank R"]
[Black "Dunn, Carl"]
[Result "1/2-1/2"]
[WhiteElo "1896"]
[BlackElo "1923"]
[PlyCount "70"]
[EventDate "2002.??.??"]
[EventType "tourn (corr)"]
[EventRounds "4"]
[SourceTitle "Corr 2008"]
[Source "ChessBase"]
[SourceDate "2008.06.24"]
[SourceVersion "1"]
[SourceVersionDate "2008.06.24"]
[SourceQuality "1"]

1. e4 e5 2. Nf3 Nf6 3. Nxe5 d6 4. Nf3 Nxe4 5. Qe2 Qe7 6. d3 Nf6 7. Bg5 Be6 8. Nc3 h6 9. Bxf6 gxf6 10. d4 d5 11. 0-0-0 c6 12. g3 Nd7 13. Bg2 0-0-0 14. Rde1 Nb6 15. Nd1 Re8 16. Qd3 Qd7 17. Re2 Bb4 18. Ne3 Nc4 19. c3 Nxe3 20. Rxe3 Bf5 21. Qd2 Bd6 22. Rxe8+ Rxe8 23. Nh4 h5 24. Nxf5 Qxf5 25. h4 Qg6 26. Bh3+ Kd8 27. Re1 Rxe1+ 28. Qxe1 f5 29. f4 b5 30. Qe3 Kd7 31. Kc2 Bc7 32. Kb1 a5 33. a3 a4 34. Ka2 Bd6 35. Ka1 Bc7 1/2-1/2

[Event "IECC CL3-2002.16"]
[Site "IECC email"]
[Date "2002.05.02"]
[Round "?"]
[White "Portune, Frank R"]
[Black "Ralchev, Stoyan"]
[Result "1-0"]
[WhiteElo "1903"]
[BlackElo "1746"]
[PlyCount "69"]
[EventDate "2002.??.??"]
[EventType "tourn (corr)"]
[EventRounds "4"]
[SourceTitle "Corr 2008"]
[Source "ChessBase"]
[SourceDate "2008.06.24"]
[SourceVersion "1"]
[SourceVersionDate "2008.06.24"]
[SourceQuality "1"]

1. e4 c6 2. d4 d5 3. Nd2 dxe4 4. Nxe4 Bf5 5. Ng3 Bg6 6. Nf3 Nd7 7. h4 h6 8. h5 Bh7 9. Bd3 Bxd3 10. Qxd3 Qc7 11. Rh4 e6 12. Bf4 Bd6 13. Bxd6 Qxd6 14. Qb3 Ngf6 15. Qxb7 Rb8 16. Qa6 Qb4+ 17. Nd2 0-0 18. b3 Qc3 19. Rc1 e5 20. Ne2 Qb4 21. Qxc6 Rb6 22. Qc3 Qe7 23. Kf1 e4 24. Ng3 Nd5 25. Rxe4 Qxe4 26. Ndxe4 Nxc3 27. Nxc3 Nf6 28. Nce4 Nd5 29. c4 Nb4 30. Rd1 a5 31. d5 f5 32. Nc3 Na6 33. d6 Nc5 34. Rd5 f4 35. Nf5 1-0

[Event "IECC KO email"]
[Site "IECC email"]
[Date "2001.05.08"]
[Round "?"]
[White "Portune, Frank R"]
[Black "Callison, Stuart"]
[Result "0-1"]
[WhiteElo "1918"]
[BlackElo "1795"]
[PlyCount "40"]
[EventDate "2001.??.??"]
[EventType "tourn (corr)"]
[EventRounds "6"]
[SourceTitle "Corr 2008"]
[Source "ChessBase"]
[SourceDate "2008.06.24"]
[SourceVersion "1"]
[SourceVersionDate "2008.06.24"]
[SourceQuality "1"]

1. e4 c5 2. Nf3 Nc6 3. Bb5 g6 4. d3 Bg7 5. Nc3 Nd4 6. Bc4 d6 7. Nxd4 cxd4 8. Ne2 e6 9. 0-0 Ne7 10. c3 dxc3 11. Nxc3 0-0 12. Qf3 Nc6 13. Qg3 Be5 14. Bf4 Bxf4 15. Qxf4 f5 16. Qd2 a6 17. a4 Nd4 18. Ne2 Nxe2+ 19. Qxe2 Qf6 20. Rfe1 fxe4 0-1

[Event "IECG L1.2001.0.00021 email"]
[Site "IECG email"]
[Date "2001.04.01"]
[Round "?"]
[White "Lombart, Philippe"]
[Black "Portune, Frank R"]
[Result "1-0"]
[WhiteElo "1899"]
[BlackElo "2006"]
[PlyCount "46"]
[EventDate "2001.04.01"]
[EventType "tourn (corr)"]
[EventRounds "14"]
[SourceTitle "Corr 2008"]
[Source "ChessBase"]
[SourceDate "2008.06.24"]
[SourceVersion "1"]
[SourceVersionDate "2008.06.24"]
[SourceQuality "1"]

1. d4 d5 2. c4 dxc4 3. e4 b5 4. a4 c6 5. axb5 cxb5 6. b3 e5 7. d5 Nf6 8. bxc4 Nxe4 9. Qe2 f5 10. f3 Bb4+ 11. Kd1 Qb6 12. Be3 Bc5 13. Bxc5 Qxc5 14. Ra2 Qd4+ 15. Ke1 Nf6 16. cxb5 Nbd7 17. Qc4 Qxd5 18. Nc3 Qxc4 19. Bxc4 Nb6 20. Bb3 a6 21. Nge2 axb5 22. Rxa8 Nxa8 23. Nxb5 Bd7 1-0

[Event "IECG C1.2001.0.00336"]
[Site "IECG email"]
[Date "2001.02.04"]
[Round "?"]
[White "Bourgault, Pierre"]
[Black "Portune, Frank R"]
[Result "0-1"]
[WhiteElo "2032"]
[BlackElo "2003"]
[PlyCount "36"]
[EventDate "2001.02.04"]
[EventType "tourn (corr)"]
[EventRounds "6"]
[SourceTitle "Corr 2008"]
[Source "ChessBase"]
[SourceDate "2008.06.24"]
[SourceVersion "1"]
[SourceVersionDate "2008.06.24"]
[SourceQuality "1"]

1. e4 e5 2. f4 exf4 3. Nf3 g5 4. d4 g4 5. Bxf4 gxf3 6. Qxf3 Nc6 7. c3 d6 8. Nd2 Bh6 9. Bc4 Qh4+ 10. Bg3 Bxd2+ 11. Kxd2 Qg5+ 12. Bf4 Qg6 13. h3 Bd7 14. Raf1 0-0-0 15. Bd3 f5 16. Be3 fxe4 17. Bxe4 Qg7 18. Rf2 Re8 0-1

[Event "IECG C1.2001.0.00336"]
[Site "IECG email"]
[Date "2001.02.04"]
[Round "?"]
[White "Eremin, Nikolay Ivanovich"]
[Black "Portune, Frank R"]
[Result "1-0"]
[WhiteElo "2000"]
[BlackElo "2003"]
[PlyCount "25"]
[EventDate "2001.02.04"]
[EventType "tourn (corr)"]
[EventRounds "6"]
[SourceTitle "Corr 2008"]
[Source "ChessBase"]
[SourceDate "2008.06.24"]
[SourceVersion "1"]
[SourceVersionDate "2008.06.24"]
[SourceQuality "1"]

1. Nf3 Nf6 2. d4 d5 3. c4 dxc4 4. e3 Be6 5. Nc3 c5 6. Ng5 Qd7 7. Nxe6 Qxe6 8. Qa4+ b5 9. Nxb5 Kd8 10. Bd2 Nc6 11. dxc5 a5 12. Bxc4 Qf5 13. 0-0-0 1-0

[Event "IECG C1.2000.0.00319"]
[Site "IECG email"]
[Date "2000.11.08"]
[Round "?"]
[White "Portune, Frank R"]
[Black "Hoffmann, Matthias"]
[Result "0-1"]
[WhiteElo "2014"]
[BlackElo "2034"]
[PlyCount "86"]
[EventDate "2000.11.14"]
[EventType "tourn (corr)"]
[EventRounds "5"]
[SourceTitle "Corr 2008"]
[Source "ChessBase"]
[SourceDate "2008.06.24"]
[SourceVersion "1"]
[SourceVersionDate "2008.06.24"]
[SourceQuality "1"]

1. e4 e6 2. d4 d5 3. e5 c5 4. c3 Nc6 5. Nf3 Bd7 6. Be3 Qb6 7. Qd2 cxd4 8. cxd4 Rc8 9. Nc3 Nh6 10. Bxh6 gxh6 11. Rc1 Rg8 12. Rg1 Rg4 13. h3 Re4+ 14. Kd1 Bb4 15. Bd3 Rxd4 16. Re1 Rxd3 17. Qxd3 Qxf2 18. Re2 Qb6 19. a3 Be7 20. b4 Nd8 21. Qxh7 Qa6 22. Qxh6 Qxa3 23. Qh8+ Bf8 24. Rec2 Ba4 25. Nxa4 Qxa4 26. b5 Rc4 27. Nd2 Rc5 28. Nf3 b6 29. Qh4 Qxb5 30. Nd2 Nc6 31. Rxc5 Bxc5 32. Qh8+ Kd7 33. Qf6 Qa4+ 34. Ke1 Be7 35. Qxf7 Nxe5 36. Qh7 Qd4 37. Ke2 a5 38. g4 a4 39. Nf3 Qb2+ 40. Rc2 Qb5+ 41. Kf2 Nxf3 42. Kxf3 Qb3+ 43. Kg2 a3 0-1

[Event "IECG CP.2000.P.00065"]
[Site "IECG email"]
[Date "2000.10.01"]
[Round "?"]
[White "Bunyan, Henry"]
[Black "Portune, Frank R"]
[Result "1-0"]
[WhiteElo "1887"]
[BlackElo "2022"]
[PlyCount "45"]
[EventDate "2000.10.01"]
[EventType "tourn (corr)"]
[EventRounds "6"]
[EventCountry "HUN"]
[SourceTitle "Corr 2008"]
[Source "ChessBase"]
[SourceDate "2008.06.24"]
[SourceVersion "1"]
[SourceVersionDate "2008.06.24"]
[SourceQuality "1"]

1. d4 d5 2. c4 dxc4 3. Nf3 b5 4. a4 c6 5. e3 a6 6. axb5 cxb5 7. b3 Be6 8. bxc4 Bxc4 9. Bxc4 bxc4 10. Ne5 Nf6 11. Qa4+ Nbd7 12. Nxc4 e6 13. Ba3 Be7 14. Nd6+ Bxd6 15. Bxd6 Ne4 16. Bb4 Nef6 17. Nc3 Rb8 18. 0-0 Qc7 19. Rfc1 Ng4 20. Ne4 Qxh2+ 21. Kf1 Qh1+ 22. Ke2 Qh5 23. Qxa6 1-0

[Event "IECG C1.2000.0.00293"]
[Site "IECG email"]
[Date "2000.07.03"]
[Round "?"]
[White "Bunyan, Henry"]
[Black "Portune, Frank R"]
[Result "0-1"]
[WhiteElo "1815"]
[BlackElo "1961"]
[PlyCount "66"]
[EventDate "2000.07.03"]
[EventType "tourn (corr)"]
[EventRounds "6"]
[SourceTitle "Corr 2008"]
[Source "ChessBase"]
[SourceDate "2008.06.24"]
[SourceVersion "1"]
[SourceVersionDate "2008.06.24"]
[SourceQuality "1"]

1. d4 d5 2. c4 c6 3. Nf3 dxc4 4. e3 Be6 5. Nbd2 b5 6. a4 Qa5 7. Be2 Nf6 8. 0-0 Bg4 9. Ne5 Bxe2 10. Qxe2 e6 11. Ne4 Nxe4 12. Qf3 f5 13. Qh5+ g6 14. Nxg6 Nf6 15. Qh3 Rg8 16. Nxf8 Rxf8 17. e4 bxa4 18. e5 Nfd7 19. Qxh7 Rf7 20. Qh8+ Nf8 21. Rd1 Rh7 22. Qg8 Nbd7 23. h3 Rb8 24. Bd2 Qd5 25. Bc3 Rb7 26. Rd2 Nb8 27. Qg3 Rbg7 28. Qh2 Ng6 29. f4 Nh4 30. Rf1 Nf3+ 31. Rxf3 Qxf3 32. Rf2 Qd3 33. Rd2 Qe3+ 0-1

[Event "IECG C1.2000.0.00293"]
[Site "IECG email"]
[Date "2000.07.03"]
[Round "?"]
[White "Portune, Frank R"]
[Black "Michaud, Gerald"]
[Result "1/2-1/2"]
[WhiteElo "1961"]
[BlackElo "2050"]
[PlyCount "37"]
[EventDate "2000.07.03"]
[EventType "tourn (corr)"]
[EventRounds "6"]
[SourceTitle "Corr 2008"]
[Source "ChessBase"]
[SourceDate "2008.06.24"]
[SourceVersion "1"]
[SourceVersionDate "2008.06.24"]
[SourceQuality "1"]

1. e4 e6 2. d4 d5 3. exd5 exd5 4. Nf3 Bd6 5. c3 Nf6 6. Qb3 0-0 7. Be2 Re8 8. Be3 c6 9. 0-0 Ng4 10. c4 Qe7 11. cxd5 cxd5 12. Nc3 Nxe3 13. fxe3 Qxe3+ 14. Kh1 Nc6 15. Qxd5 Bb4 16. Qh5 g6 17. Qh4 Be7 18. Qe1 Bb4 19. Bc4 1/2-1/2

[Event "IECG C1.2000.0.00293"]
[Site "IECG email"]
[Date "2000.07.03"]
[Round "?"]
[White "Portune, Frank R"]
[Black "Van de Peut, Aart A"]
[Result "1-0"]
[WhiteElo "1961"]
[BlackElo "1832"]
[PlyCount "43"]
[EventDate "2000.07.03"]
[EventType "tourn (corr)"]
[EventRounds "6"]
[SourceTitle "Corr 2008"]
[Source "ChessBase"]
[SourceDate "2008.06.24"]
[SourceVersion "1"]
[SourceVersionDate "2008.06.24"]
[SourceQuality "1"]

1. e4 e6 2. Nc3 d5 3. d4 Bb4 4. a3 Bxc3+ 5. bxc3 dxe4 6. Qg4 Nf6 7. Qxg7 Rg8 8. Qh6 Nbd7 9. Ne2 b6 10. Bg5 Qe7 11. Qh4 Bb7 12. Ng3 h6 13. Bxh6 Rg4 14. Qh3 0-0-0 15. Be2 Rgg8 16. Qh4 Rh8 17. Qg5 Rdg8 18. Qc1 Nd5 19. c4 e3 20. cxd5 Rxh6 21. Qxe3 Rgh8 22. Nf5 1-0

[Event "IECC CL3-2000.17"]
[Site "IECC email"]
[Date "2000.03.01"]
[Round "?"]
[White "Akbars, Deniz"]
[Black "Portune, Frank R"]
[Result "1-0"]
[WhiteElo "1872"]
[BlackElo "1975"]
[PlyCount "81"]
[EventDate "2000.??.??"]
[EventType "tourn (corr)"]
[EventRounds "4"]
[SourceTitle "Corr 2008"]
[Source "ChessBase"]
[SourceDate "2008.06.24"]
[SourceVersion "1"]
[SourceVersionDate "2008.06.24"]
[SourceQuality "1"]

1. e4 c5 2. Nf3 Nc6 3. d4 cxd4 4. Nxd4 e5 5. Nb5 a6 6. Nd6+ Bxd6 7. Qxd6 Qe7 8. Qxe7+ Ngxe7 9. c4 Nd4 10. Na3 0-0 11. Be3 f5 12. Rd1 b6 13. Bxd4 exd4 14. Rxd4 Nc6 15. Rd6 fxe4 16. Nb1 Rf6 17. Rxf6 gxf6 18. Nc3 f5 19. Be2 Nd4 20. Nd5 b5 21. Nc7 Ra7 22. Ne8 Nxe2 23. Kxe2 bxc4 24. Nd6 Rc7 25. Rd1 Bb7 26. Ne8 Rc8 27. Rxd7 Rxe8 28. Rxb7 Re6 29. Ke3 Rd6 30. h3 h5 31. Rc7 Rb6 32. Rxc4 Rxb2 33. Ra4 Rb6 34. Ra5 Rb2 35. Rxf5 Rxa2 36. Rxh5 a5 37. g4 a4 38. Ra5 Kf7 39. h4 a3 40. Kxe4 Rxf2 41. Rxa3 1-0

[Event "IECC CL3-2000.17"]
[Site "IECC email"]
[Date "2000.03.01"]
[Round "?"]
[White "Portune, Frank R"]
[Black "Goze, Zeynel Bilge"]
[Result "1-0"]
[WhiteElo "1952"]
[BlackElo "1848"]
[PlyCount "91"]
[EventDate "2000.??.??"]
[EventType "tourn (corr)"]
[EventRounds "4"]
[SourceTitle "Corr 2008"]
[Source "ChessBase"]
[SourceDate "2008.06.24"]
[SourceVersion "1"]
[SourceVersionDate "2008.06.24"]
[SourceQuality "1"]

1. e4 e6 2. d4 d5 3. e5 c5 4. Nf3 Nc6 5. dxc5 Bxc5 6. Bd3 Nge7 7. 0-0 Qc7 8. Re1 Ng6 9. Bxg6 hxg6 10. b3 b5 11. Ba3 b4 12. Bb2 Qb6 13. Qd2 a5 14. a3 Ba6 15. Rc1 Rc8 16. h3 Rc7 17. axb4 axb4 18. c3 Na5 19. cxb4 Bxb4 20. Qd4 Rxc1+ 21. Bxc1 Qb7 22. Ra4 Nc6 23. Qa1 Bb5 24. Ra8+ Nb8 25. Ra7 Qb6 26. Be3 Bc5 27. Bxc5 Qxc5 28. Nc3 Bd7 29. Ne2 0-0 30. Ned4 Rc8 31. Rb7 Be8 32. b4 Qc4 33. b5 Nd7 34. Ra7 Nb6 35. Qa6 Rb8 36. Rb7 Rxb7 37. Qxb7 Qc5 38. Qb8 Kf8 39. Qd8 Nd7 40. Nc6 Qc1+ 41. Kh2 Qf4+ 42. g3 Qxf3 43. Qe7+ Kg8 44. Qxe8+ Kh7 45. Kg1 Nc5 46. Ne7 1-0

[Event "IECC CL3-2000.17"]
[Site "IECC email"]
[Date "2000.03.01"]
[Round "?"]
[White "Portune, Frank R"]
[Black "Stillerud, Lennart"]
[Result "1/2-1/2"]
[WhiteElo "1983"]
[BlackElo "1813"]
[PlyCount "59"]
[EventDate "2000.??.??"]
[EventType "tourn (corr)"]
[EventRounds "4"]
[SourceTitle "Corr 2008"]
[Source "ChessBase"]
[SourceDate "2008.06.24"]
[SourceVersion "1"]
[SourceVersionDate "2008.06.24"]
[SourceQuality "1"]

1. e4 c5 2. Nf3 e6 3. Nc3 a6 4. d4 cxd4 5. Nxd4 b5 6. Bd3 Qb6 7. Nf3 d6 8. 0-0 Bb7 9. a3 Nd7 10. Qe2 Be7 11. Bd2 Ngf6 12. b4 0-0 13. a4 bxa4 14. Rxa4 Ne5 15. Nxe5 dxe5 16. Rb1 Rfd8 17. Ra3 Qc7 18. Rab3 Nd7 19. Be3 Nb6 20. h3 Rdc8 21. Bxb6 Qxb6 22. Na4 Qc7 23. b5 axb5 24. Nb6 Qxb6 25. Rxb5 Qa7 26. Rxb7 Qc5 27. R1b5 Qa3 28. Qe3 Bd6 29. c4 Rcb8 30. Rd7 1/2-1/2

[Event "IECG C1.1999.0.00246"]
[Site "IECG email"]
[Date "1999.11.28"]
[Round "?"]
[White "Portune, Frank R"]
[Black "Caressa, Marco"]
[Result "1-0"]
[WhiteElo "1956"]
[BlackElo "1854"]
[PlyCount "105"]
[EventDate "1999.11.28"]
[EventType "tourn (corr)"]
[EventRounds "5"]
[SourceTitle "Corr 2008"]
[Source "ChessBase"]
[SourceDate "2008.06.24"]
[SourceVersion "1"]
[SourceVersionDate "2008.06.24"]
[SourceQuality "1"]

1. e4 e5 2. Nf3 Nc6 3. Bb5 a5 4. Nxe5 Nxe5 5. Ba4 Qh4 6. 0-0 Bd6 7. h3 Qf4 8. Re1 Nc6 9. g3 Qe5 10. c3 Qe6 11. Kg2 Be7 12. d4 Nd8 13. d5 Qa6 14. Bf4 b5 15. Bc2 d6 16. a4 Bd7 17. e5 dxe5 18. Bxe5 Kf8 19. Bxc7 Qb7 20. Be5 bxa4 21. Bxa4 f6 22. Bf4 g5 23. Bc1 Bf5 24. Qf3 Bg6 25. c4 Kg7 26. b3 Bb4 27. Nc3 h5 28. Bb2 Ra6 29. Bb5 Rb6 30. Re2 Nf7 31. Bc6 Qc8 32. Qe3 Rb8 33. Nb5 Bf5 34. Rh1 Ne7 35. Na7 Qf8 36. Ba4 Qd8 37. h4 g4 38. Rd1 Bd6 39. Nb5 Be5 40. Nd4 Bxd4 41. Rxd4 Ng6 42. Bc3 Nfe5 43. c5 Bc8 44. Rd1 Ba6 45. Rc2 Ra8 46. Bxe5 fxe5 47. d6 Qf6 48. c6 Rhf8 49. d7 Qf5 50. Rc5 Qf6 51. c7 Bb7+ 52. Kf1 Ba6+ 53. Kg1 1-0

[Event "IECG CP.1999.P.00016"]
[Site "IECG email"]
[Date "1999.10.01"]
[Round "?"]
[White "Portune, Frank R"]
[Black "Simmelink, Joop Theo"]
[Result "0-1"]
[WhiteElo "1983"]
[BlackElo "2337"]
[PlyCount "38"]
[EventDate "1999.10.01"]
[EventType "tourn (corr)"]
[EventRounds "6"]
[EventCountry "NED"]
[SourceTitle "Corr 2008"]
[Source "ChessBase"]
[SourceDate "2008.06.24"]
[SourceVersion "1"]
[SourceVersionDate "2008.06.24"]
[SourceQuality "1"]

1. e4 e5 2. Nf3 Nc6 3. Bb5 f5 4. exf5 e4 5. Qe2 Qe7 6. Bxc6 dxc6 7. Nd4 Qe5 8. Ne6 Bxe6 9. fxe6 Bd6 10. d3 exd3 11. Qxe5 Bxe5 12. cxd3 0-0-0 13. f4 Bf6 14. g4 Rxd3 15. Ke2 Rd6 16. f5 Ne7 17. Nc3 h5 18. Ne4 hxg4 19. Bf4 Rd4 0-1

[Event "IECG C1.1999.0.00220"]
[Site "IECG email"]
[Date "1999.07.02"]
[Round "?"]
[White "Portune, Frank R"]
[Black "Amann, Klaus"]
[Result "1/2-1/2"]
[WhiteElo "1965"]
[BlackElo "1900"]
[PlyCount "34"]
[EventDate "1999.07.02"]
[EventType "tourn (corr)"]
[EventRounds "6"]
[SourceTitle "Corr 2008"]
[Source "ChessBase"]
[SourceDate "2008.06.24"]
[SourceVersion "1"]
[SourceVersionDate "2008.06.24"]
[SourceQuality "1"]

1. e4 e6 2. d4 d5 3. e5 c5 4. c3 Nc6 5. Nf3 Bd7 6. Be2 Nge7 7. a3 Ng6 8. 0-0 Be7 9. b4 cxd4 10. cxd4 Rc8 11. Be3 0-0 12. Qd2 Nb8 13. Nc3 a6 14. Bd3 Qb6 15. Rfc1 Rc7 16. Bxg6 hxg6 17. Bg5 Bxg5 1/2-1/2